000 00363nam a2200157Ia 4500
003 Ost
005 20260225132549.0
008 260225s9999||||xx |||||||||||||| ||und||
040 _cfsic
041 _afre
082 _a440
100 _aMohamed rachid
_eAuteur
245 0 _aIsabelle eberhadt le dernier voyage /
245 0 _cMohamed rachid
942 _cكتاب
999 _c34048
_d34048